| 000 | 01336nam a2200397 a 4500 | ||
|---|---|---|---|
| 003 | AR-BaBNM | ||
| 005 | 20251128210720.0 | ||
| 008 | 082120s2002 ||||||||||||||000 | spa|| | ||
| 020 | _a950-46-0460-9 | ||
| 040 | _cAR-BaBNM | ||
| 245 | 0 | 0 | _aLa solución de problemas |
| 250 | _a1ª ed. | ||
| 260 |
_aBuenos Aires _bSantillana _c1999 |
||
| 300 |
_a230 p. _btablas |
||
| 490 | 0 |
_aAula XXI _vv. 57 |
|
| 500 | _aTirada especial para la Red Federal de Formación Docente Continua, Ministerio de Cultura y Educación de la Nación | ||
| 500 | _aContiene referencias bibliográficas, índice de nombres e índice temático | ||
| 650 | 4 | _aMETODOS DE ENSEÑANZA | |
| 650 | 4 | _aDIDACTICA | |
| 650 | 4 | _aENSEÑANZA DE LAS CIENCIAS SOCIALES | |
| 650 | 4 | _aENSEÑANZA DE LAS MATEMATICAS | |
| 650 | 4 | _aSOLUCION DE PROBLEMAS | |
| 651 | 4 | _aEspaña | |
| 653 | _aAPRENDER A APRENDER | ||
| 653 | _aCONTENIDOS PROCEDIMENTALES | ||
| 653 | _aESTRATEGIAS DIDACTICAS | ||
| 653 | _aENSEÑANZA DE LAS CIENCIAS NATURALES | ||
| 700 | 1 |
_aPozo Municio, Juan Ignacio _ecoordinador |
|
| 700 | 1 | _aPérez Echeverría, María del Puy | |
| 700 | 1 | _aDomínguez Castillo, Jesús | |
| 700 | 1 | _aGómez Crespo, Miguel Angel | |
| 700 | 1 | _aPostigo Angón, Yolanda | |
| 800 | 1 |
_aMascaró Florit, Jaime _edirector |
|
| 942 | _cBK | ||
| 998 | _cRAQUEL | ||
| 999 |
_c16573 _d16573 |
||